000 00417nam a2200205Ia 4500
001 001101
003 YMCAF
005 20230512160048.0
008 100717s1971 ||||||||||||||||| ||und|d
024 _a1101
035 _a1083
040 _aYMCAF
_beng
_cIN-KoLT
041 _aeng
082 _aDAS-LAN
100 _aLANG J.
245 0 _aDAS MAGNETISCHE FEED
260 _c1971
300 _a60
942 _2ddc
_cBK
999 _c886
_d886